000 00602nam a2200229Ia 4500
003 OSt
005 20221007064340.0
006 a|||||r|||| 00| 0
007 ta
008 221006b |||||||| |||| 00| 0 eng d
024 _a22,540
037 _cTextual
040 _aFLL
_cFLL
_beng
041 _2eng
_aeng
082 _aZ2,5y7, N9
100 _aGaur K.D.
_9455049
245 0 _aCriminal law (cases and materials)
260 _aDelhi
_bButterworths India India
_c1999
300 _axliii,820p
_ccm.
942 _hZ2,5y7, N9
_cTEXL
_2CC
999 _c1133785
_d1133785